| 000 | 00768nam a22002057a 4500 | ||
|---|---|---|---|
| 999 |
_c13498 _d13498 |
||
| 003 | AR-CdUCM | ||
| 008 | 190415b ||||| |||| 00| 0 spa d | ||
| 020 | _a84-7069-050-7 | ||
| 040 |
_aMUNICIPALIDAD PROVINCIAL DEL CUSCO _cBIBLIOTECA MUNICIPAL DEL CUSCO |
||
| 082 |
_a630 / _bB46 |
||
| 245 | _aBibliotecas prácticas agrícolas y ganaderas / | ||
| 260 |
_aBarcelona : _bOceano, _c1983. |
||
| 300 |
_a4 tomos ; _bFotografías, gráficos, ilustraciones, _c26 cm. |
||
| 505 | _aContenido: t.1: Los fundamentos de la agricultura -- t.2: Practica de los cultivos -- t.3: Frutales y bosque -- t.4: Producción ganadera. | ||
| 650 |
_aAgricultura _9320 |
||
| 650 |
_aGanadería _9321 |
||
| 650 |
_aDiccionarios _95105 |
||
| 942 |
_2ddc _cLIBROS |
||
| 945 |
_adavv _d15/04/2019 |
||